Normal view
MARC view
Entry Personal Name
001 - CONTROL NUMBER
- control field: 1072
003 - CONTROL NUMBER IDENTIFIER
- control field: OSt
005 - DATE AND TIME OF LATEST TRANSACTION
- control field: 20110413124933.0
008 - FIXED-LENGTH DATA ELEMENTS
- fixed length control field: 110413|||a|||||| | ||| d
040 ## - CATALOGING SOURCE
- Original cataloging agency: OSt
- Transcribing agency: OSt
100 ## - HEADING--PERSONAL NAME
- Personal name: Smith, J. C.
- Fuller form of name: (John Cyril)
670 ## - SOURCE DATA FOUND
- Source citation: Work cat.: (OSt)0: Smith, J. C. (John Cyril), A casebook on contract /, 1996.
